<?xml version="1.0" encoding="UTF-8"?>
<marc:record xmlns:marc="http://www.loc.gov/MARC21/slim">
   <marc:leader>00000nam a2200000 a 4500</marc:leader>
   <marc:datafield ind1="1" ind2=" " tag="100">
      <marc:subfield code="a">Carter, Aimée</marc:subfield>
      <marc:subfield code="4">aut</marc:subfield>
      <marc:subfield code="e">Verfasser/-in</marc:subfield>
   </marc:datafield>
   <marc:datafield ind1="1" ind2=" " tag="100">
      <marc:subfield code="a">Gehrke, Freya</marc:subfield>
      <marc:subfield code="4">trl</marc:subfield>
      <marc:subfield code="e">Übersetzer/-in</marc:subfield>
   </marc:datafield>
   <marc:datafield ind1="1" ind2=" " tag="100">
      <marc:subfield code="a">Carter, Aimée</marc:subfield>
   </marc:datafield>
   <marc:datafield ind1=" " ind2=" " tag="653">
      <marc:subfield code="a">Fantastische Literatur</marc:subfield>
   </marc:datafield>
   <marc:datafield ind1=" " ind2=" " tag="653">
      <marc:subfield code="a">Erzählende Literatur: Gegenwartsliteratur ab 1945</marc:subfield>
   </marc:datafield>
   <marc:datafield ind1="0" ind2="0" tag="245">
      <marc:subfield code="a">Die unsterbliche Braut</marc:subfield>
   </marc:datafield>
   <marc:datafield ind1="0" ind2="0" tag="245">
      <marc:subfield code="b">Roman</marc:subfield>
   </marc:datafield>
   <marc:datafield ind1="0" ind2="0" tag="245">
      <marc:subfield code="c">Aimée Carter. Aus dem Amerikan. von Freya Gehrke</marc:subfield>
   </marc:datafield>
   <marc:datafield ind1=" " ind2="1" tag="264">
      <marc:subfield code="a">Hamburg</marc:subfield>
      <marc:subfield code="b">Harlequin Enterprises</marc:subfield>
      <marc:subfield code="c">2012</marc:subfield>
   </marc:datafield>
   <marc:datafield ind1="1" ind2=" " tag="490">
      <marc:subfield code="a">Mira Taschenbuch</marc:subfield>
      <marc:subfield code="v">Bd. 65066 : Luna</marc:subfield>
   </marc:datafield>
   <marc:datafield ind1=" " ind2=" " tag="250">
      <marc:subfield code="a">Dt. Erstveröff., 1. Aufl.</marc:subfield>
   </marc:datafield>
   <marc:datafield ind1="1" ind2=" " tag="520">
      <marc:subfield code="a">Angaben aus der Verlagsmeldung

Die unsterbliche Braut Goddess Interrupted / von Aimée Carter

Die Götter haben ihren Prinzen entführt. Nur wenn es Kate gelingt, Henrys Vergangenheit und Zukunft zu vereinen, kann sie ihn retten – und sich selbst.
Endlich hat Kate die Unsterblichkeit erlangt und steht kurz davor, zur Königin der Unterwelt gekrönt zu werden. Aber sie fühlt sich isoliert wie nie zuvor. Denn je größer ihre Liebe zu Henry wird, dem Herrscher dieser Welt, desto distanzierter gibt er sich. Da wird Henry mitten in der feierlichen Krönungszeremonie vom König der Titanen entführt. Nur Kate kann ihn aus den tiefsten Höhlen des Tartarus befreien. Doch um ihren Weg durch das Labyrinth zu finden, braucht sie die Hilfe ihrer größten Feindin: Persephone, Henrys erste Frau!

Deutsche Erstveröffentlichung
</marc:subfield>
   </marc:datafield>
   <marc:datafield ind1=" " ind2=" " tag="020">
      <marc:subfield code="a">9783862784790</marc:subfield>
      <marc:subfield code="9">9783862784790</marc:subfield>
   </marc:datafield>
   <marc:datafield ind1=" " ind2=" " tag="041">
      <marc:subfield code="a">ger</marc:subfield>
   </marc:datafield>
   <marc:datafield ind1=" " ind2=" " tag="300">
      <marc:subfield code="a">300 S.</marc:subfield>
   </marc:datafield>
</marc:record>
